| 000 | 00393nam a2200121Ia 4500 | ||
|---|---|---|---|
| 008 | 160712s9999 xx 000 0 und d | ||
| 100 | _aYuson, Alfred A. | ||
| 245 |
_cAlfred A. Yuson _aBeing One |
||
| 260 |
_c2012 _bLikhaan: The Journal of Contemporary Philippine Literature |
||
| 300 | _avol. 6 | ||
| 650 | _xPOETRY | ||
| 856 | _uhttp://journals.upd.edu.ph/index.php/lik/issue/view/536/showToc | ||
| 999 |
_c297471 _d297471 |
||